| 000 | 00860namaa2200277 a 4500 | ||
|---|---|---|---|
| 001 | vtls000937677 | ||
| 003 | NLI | ||
| 005 | 20210627090757.0 | ||
| 008 | 110929s2000 ii 001 0 eng | ||
| 020 |
_a8175101105 : _cRs.450.00 |
||
| 039 | 9 |
_y201109292105 _zEntertech_02 |
|
| 040 |
_aNLI _beng _cEntertech-2011 _eAACR2 |
||
| 041 | 0 | _aeng | |
| 044 | _aii | ||
| 082 | 0 | 4 | _a338.503 |
| 100 | 1 |
_aPrasad, A. R. _9880408 |
|
| 245 | 1 | 0 |
_aDictionary of microeconomics : _ba glossary of terms frequently found in discussinons of microeconomics / _cA. R. Prasad |
| 260 |
_aNew Delhi : _bReoamce Pub. House, _c2000 |
||
| 300 |
_a308 p. ; _c25 cm. |
||
| 500 | _aIncludes index | ||
| 650 | 0 |
_aMicroeconomics _vDictionaries _9880409 |
|
| 887 | _a | ||
| 901 |
_aDB79042 : _b22.06.2000 |
||
| 902 | _aR.R. 338.503 P 886 | ||
| 999 |
_aVIRTUA _c759727 _d759727 |
||
| 942 |
_2ddc _cBKS |
||